All 10k Plus Towns in East Anglia - Statistics

General Stats
  • This quiz has been taken 112 times
  • The average score is 42 of 104
Answer Stats
Town Population County % Correct
Colchester 130,248 Essex
97%
Norwich 200,752 Norfolk
97%
Bedford 97,241 Bedfordshire
93%
Cambridge 152,725 Cambridgeshire
93%
Peterborough 190,584 Cambridgeshire
93%
Ipswich 151,562 Suffolk
92%
Luton 233,498 Bedfordshire
91%
Chelmsford 110,606 Essex
89%
Southend-on-Sea 182,287 Essex
87%
Watford 131,326 Hertfordshire
85%
Basildon 115,964 Essex
80%
Great Yarmouth 28,982 Norfolk
80%
Harlow 93,566 Essex
77%
Kings Lynn 47,610 Norfolk
77%
Stevenage 94,456 Hertfordshire
77%
Clacton-on-Sea 53,208 Essex
75%
Bury St Edmunds 41,291 Suffolk
73%
Ely 19,189 Cambridgeshire
69%
Hertford 28,802 Hertfordshire
69%
St Albans 75,537 Hertfordshire
68%
Braintree 43,215 Essex
67%
Hemel Hempstead 95,961 Hertfordshire
65%
Lowestoft 71,327 Suffolk
65%
Felixstowe 24,213 Suffolk
61%
Welwyn Garden City 51,524 Hertfordshire
61%
Harwich 20,220 Essex
60%
Brentwood 55,358 Essex
57%
Billericay 34,072 Essex
56%
Wisbech 26,785 Cambridgeshire
56%
Hatfield 41,555 Hertfordshire
55%
March 21,354 Cambridgeshire
53%
Thetford 25,492 Norfolk
53%
Hitchin 35,224 Hertfordshire
51%
Newmarket 18,864 Suffolk
51%
Huntingdon 25,600 Cambridgeshire
48%
St Neots 33,261 Cambridgeshire
48%
Bishops Stortford 40,909 Hertfordshire
47%
Letchworth 33,986 Hertfordshire
47%
Stowmarket 21,534 Suffolk
47%
Grays 44,341 Essex
44%
Leighton Buzzard 42,727 Bedfordshire
43%
Canvey Island 38,003 Essex
41%
Rayleigh 32,393 Essex
41%
Saffron Walden 16,613 Essex
41%
St Ives 16,815 Cambridgeshire
41%
Potters Bar 23,398 Hertfordshire
40%
Biggleswade 21,961 Bedfordshire
39%
Harpenden 30,966 Hertfordshire
39%
Sudbury 23,912 Suffolk
39%
Haverhill 26,710 Suffolk
37%
Dereham 20,785 Norfolk
36%
Downham Market 11,342 Norfolk
36%
Dunstable 34,487 Bedfordshire
36%
Sandy 11,370 Bedfordshire
35%
Ware 19,622 Hertfordshire
35%
Witham 27,389 Essex
35%
Maldon 23,384 Essex
32%
Royston 17,448 Hertfordshire
31%
Tring 11,961 Hertfordshire
29%
Epping 10,700 Essex
28%
Soham 10,613 Cambridgeshire
28%
Wymondham 16,335 Norfolk
28%
Cambourne 11,078 Cambridgeshire
27%
Cheshunt 43,680 Hertfordshire
27%
Gorleston 24,481 Norfolk
27%
Rickmansworth 26,291 Hertfordshire
27%
Borehamwood 39,765 Hertfordshire
25%
North Walsham 12,829 Norfolk
25%
Wickford 27,524 Essex
25%
Chatteris 11,011 Cambridgeshire
24%
Woodbridge 10,144 Suffolk
24%
Attleborough 11,232 Norfolk
23%
Bushey 28,418 Hertfordshire
23%
Rochford 12,616 Essex
23%
Tilbury 14,184 Essex
23%
Baldock 10,614 Hertfordshire
21%
Flitwick 13,663 Bedfordshire
21%
Hoddesdon 40,630 Hertfordshire
21%
Loughton 33,338 Essex
21%
Whittlesey 13,823 Cambridgeshire
20%
Great Dunmow 10,396 Essex
17%
Kesgrave 14,948 Suffolk
17%
Sawbridgeworth 10,479 Hertfordshire
17%
Waltham Abbey 18,647 Essex
16%
Chigwell 12,244 Essex
15%
South Woodham 16,021 Essex
15%
Stanford-le-Hope 29,521 Essex
15%
Thundersley 49,881 Essex
15%
Halstead 13,907 Essex
13%
Kempston 22,781 Bedfordshire
13%
Taverham 14,989 Norfolk
12%
Berkhamsted 21,245 Hertfordshire
11%
South Ockendon 22,442 Essex
11%
Waltham Cross 11,947 Hertfordshire
11%
Bradwell 11,628 Norfolk
9%
Buckhurst Hill 11,749 Essex
9%
Watton 11,543 Norfolk
9%
Abbots Langley 18,204 Hertfordshire
8%
Chafford Hundred 23,579 Essex
8%
Chadwell St Mary 10,685 Essex
7%
Chorleywood 12,625 Hertfordshire
7%
Hockley 15,427 Essex
7%
Houghton Regis 18,818 Bedfordshire
7%
Stotfold 12,308 Bedfordshire
5%
No matching quizzes found
Score Distribution
Percent of People with Each Score
Percentile by Number Answered
Your Score History
You have not taken this quiz